European countries that contain "L" - Statistics

General Stats
  • This quiz has been taken 62 times
  • The average score is 19 of 21
Answer Stats
Answer % Correct
Latvia
96%
Finland
93%
Portugal
93%
Belguim
91%
Iceland
91%
Ireland
91%
Lithuania
91%
Netherlands
91%
Slovakia
91%
Slovenia
91%
Albania
89%
Bulgaria
89%
Liechtenstein
89%
Luxembourg
89%
Poland
89%
Switzerland
89%
Italy
88%
Belarus
86%
Malta
84%
Moldova
84%
Czech Republic
63%
No matching quizzes found
Score Distribution
Percent of People with Each Score
Percentile by Number Answered
Your Score History
You have not taken this quiz